LEADER 01813nas 2200409- 450 001 9910881397403321 005 20241204163256.0 011 $a2772-6118 035 $a(OCoLC)1390894023 035 $a(CKB)5690000000124465 035 $a(CONSER)--2024228341 035 $a(DE-599)ZDB3172814-5 035 $a(EXLCZ)995690000000124465 100 $a20230721a20239999 o-- - 101 0 $aeng 135 $aur||||||||||| 181 $ctxt$2rdacontent 182 $cc$2rdamedia 183 $acr$2rdacarrier 200 00$aEJC skin cancer 210 1$a[Oxford] :$cElsevier Ltd.,$d[2023]- 215 $a1 online resource 300 $a"The European Journal of Cancer - Skin Cancer is a peer-reviewed, Open Access journal that publishes on all aspects of skin cancer." 300 $a"We are especially interested in receiving manuscripts centred on the fields of melanoma and non-melanoma skin cancer (NMSC), including basal cell carcinomas (BCCs), squamous cell carcinomas (SCCs), as well as rarer forms of NMSC such as cutaneous lymphoma, Merkel cell carcinoma or cutaneous sarcoma. The journal encourages the submission of original research articles and review articles, as well as Current Perspectives focussed on screening, prevention, early detection including dermatoscopy, diagnosis, diagnostic procedures, pathology and treatment of all kind of skin malignancies." 517 1 $aSkin cancer 517 1 $aEuropean journal of cancer skin cancer 517 1 $aEJCSC 531 10$aEJC Skin Cancer 606 $aSkin Neoplasms 608 $aPeriodical 615 12$aSkin Neoplasms 712 02$aEuropean Association of Dermato-Oncology, 712 02$aIntergruppo melanoma italiano, 906 $aJOURNAL 912 $a9910881397403321 996 $aEJC Skin Cancer$93090040 997 $aUNINA